000 01219cam a2200361Ia 4500
001 7941346
005 20210414114034.0
008 000824s1990 enk 000 1 eng d
020 _a014018371X (pbk.)
020 _a9780140183719 (pbk.)
035 _a(OCoLC)ocm44872530
035 _a(OCoLC)44872530
035 _a(NNC)7941346
040 _aNOC
_cNOC
_dBAKER
_dOCLCG
_dSINLB
050 4 _aPR6005.O4.N578
082 0 4 _a823.912
_221
100 1 _aConrad, Joseph,
_d1857-1924.
245 1 0 _aNostromo :a tale of the seaboard. /
_cJoseph Conrad ; edited with an introd. and notes by Martin Seymour-Smith.
260 _aLondon ;
_aNew York :
_bPenguin Books,
_c1990.
300 _a474 p.:
_c18 cm.
490 1 _aPenguin twentieth-century classics
505 _aContents: Introduction -- Nostromo -- Author's note: The Silver of the mine -- The Isabels -- The Lighthouse.
650 0 _aRevolutions
_vFiction.
650 0 _aSailors
_vFiction.
650 0 _aPolitical fiction.
650 0 _aSea stories.
651 0 _aLatin America
_vFiction.
700 1 _aSeymour-Smith, Martin.
830 0 _aPenguin twentieth-century classics.
942 _2lcc
_cBK
948 1 _a20100907
_bc
_cjeb52
_dMPS
999 _c1547
_d9047